Dictionary of Jesus and the Gospels / (Record no. 9097)
[ view plain ]
| 000 -LEADER | |
|---|---|
| fixed length control field | 01815cam a2200385 i 4500 |
| 001 - CONTROL NUMBER | |
| control field | 812258092 |
| 003 - CONTROL NUMBER IDENTIFIER | |
| control field | OCoLC |
| 005 - DATE AND TIME OF LATEST TRANSACTION | |
| control field | 20241126110705.0 |
| 008 - FIXED-LENGTH DATA ELEMENTS--GENERAL INFORMATION | |
| fixed length control field | 130617s2013 ilu bd 001 0 eng |
| 010 ## - | |
| -- | 2013015897 |
| 020 ## - INTERNATIONAL STANDARD BOOK NUMBER | |
| International Standard Book Number | 9780830824564 |
| 020 ## - INTERNATIONAL STANDARD BOOK NUMBER | |
| International Standard Book Number | 0830824561 |
| 020 ## - INTERNATIONAL STANDARD BOOK NUMBER | |
| International Standard Book Number | 9781844748761 |
| 020 ## - INTERNATIONAL STANDARD BOOK NUMBER | |
| International Standard Book Number | 1844748766 |
| 035 ## - SYSTEM CONTROL NUMBER | |
| System control number | (OCoLC)812258092 |
| 040 ## - CATALOGING SOURCE | |
| Original cataloging agency | DLC |
| Language of cataloging | eng |
| Description conventions | rda |
| Transcribing agency | DLC |
| Modifying agency | BTCTA |
| -- | BDX |
| -- | YDXCP |
| -- | NA5 |
| -- | BTA |
| -- | SGB |
| -- | OCLCF |
| -- | MNJ |
| -- | MNY |
| -- | CFT |
| -- | OCLCQ |
| -- | OCLCO |
| -- | CHVBK |
| 042 ## - | |
| -- | pcc |
| 050 00 - | |
| -- | BS2555.52 |
| -- | .D53 2013 |
| 082 00 - DEWEY DECIMAL CLASSIFICATION NUMBER | |
| Classification number | 226.03 |
| Edition information | 23 |
| Item number | DIC |
| 245 00 - TITLE STATEMENT | |
| Title | Dictionary of Jesus and the Gospels / |
| Statement of responsibility, etc. | edited by Joel B. Green, Jeannine K. Brown & Nicholas Perrin |
| 250 ## - EDITION STATEMENT | |
| Edition statement | Second edition |
| 264 #1 - PRODUCTION, PUBLICATION, DISTRIBUTION, MANUFACTURE, AND COPYRIGHT NOTICE | |
| Place of production, publication, distribution, manufacture | Downers Grove, Ilinois : |
| Name of producer, publisher, distributor, manufacturer | IVP Academic, |
| Date of production, publication, distribution, manufacture, or copyright notice | [2013] |
| 300 ## - PHYSICAL DESCRIPTION | |
| Extent | xxxi, 1088 pages ; |
| Dimensions | 27 cm |
| 336 ## - CONTENT TYPE | |
| Content type term | text |
| Content type code | txt |
| Source | rdacontent |
| 337 ## - MEDIA TYPE | |
| Media type term | unmediated |
| Media type code | n |
| Source | rdamedia |
| 338 ## - CARRIER TYPE | |
| Carrier type term | volume |
| Carrier type code | nc |
| Source | rdacarrier |
| 504 ## - BIBLIOGRAPHY, ETC. NOTE | |
| Bibliography, etc. note | Includes bibliographical references and indexes |
| 505 0# - FORMATTED CONTENTS NOTE | |
| Formatted contents note | Preface -- How to use this dictionary -- Abbreviations -- Transliterations -- List of contributors -- Dictionary articles -- Scripture index -- Subject index -- Articles index |
| 520 ## - SUMMARY, ETC. | |
| Summary, etc. | Articles cover each Gospel, major themes in the Gospels, key episodes in the life of Jesus, significant background topics, as well as issues and methods of interpretation. Among other benefits, it allows multiple opportunities for each of the Gospels to be weighed and heard in its own voice.-- |
| Assigning source | Provided by publisher |
| 630 00 - SUBJECT ADDED ENTRY--UNIFORM TITLE | |
| Uniform title | Bible. |
| Name of part/section of a work | Gospels |
| General subdivision | Criticism, interpretation, etc. |
| Form subdivision | Dictionaries |
| 9 (RLIN) | 4246 |
| 655 #7 - INDEX TERM--GENRE/FORM | |
| Genre/form data or focus term | Criticism, interpretation, etc. |
| Source of term | fast |
| Authority record control number or standard number | (OCoLC)fst01411635 |
| 9 (RLIN) | 1372 |
| 655 #7 - INDEX TERM--GENRE/FORM | |
| Genre/form data or focus term | Dictionaries. |
| Source of term | fast |
| Authority record control number or standard number | (OCoLC)fst01423826 |
| 9 (RLIN) | 3629 |
| 700 1# - ADDED ENTRY--PERSONAL NAME | |
| Personal name | Green, Joel B., |
| Dates associated with a name | 1956- |
| Relator term | editor |
| 9 (RLIN) | 2475 |
| 942 ## - ADDED ENTRY ELEMENTS (KOHA) | |
| Source of classification or shelving scheme | Dewey Decimal Classification |
| Koha item type | Reference Books |
| Withdrawn status | Lost status | Source of classification or shelving scheme | Damaged status | Not for loan | Home library | Current Library | Shelving location | Date acquired | Total checkouts | Full call number | Barcode | Date last seen | Copy number | Price effective from | Koha item type |
|---|---|---|---|---|---|---|---|---|---|---|---|---|---|---|---|
| Dewey Decimal Classification | GRACE BIBLE COLLEGE | GRACE BIBLE COLLEGE | Dictionary | 2022-04-07 | 226.03 DIC | 015485 | 2025-05-01 | c.1 | 2022-04-07 | Reference Books |